Statistiques concernant Mini-test géo 3

Cliquez ici pour prendre le quiz!

Statistiques générales

  • Ce quiz a été pris 150 fois
  • Le résultat moyen est 27 sur 39

Réponses sur la Carte

Les réponses sont colorées sur une échelle allant du rouge au vert en fonction du pourcentage des utilisateurs qui les ont devinées à leur premier essai. Vous pouvez retrouver ces pourcentages ci-dessous.
 

Statistiques - réponses

Réponse% Correct
Inde
91%
Chine
88%
Algérie
87%
Maroc
85%
Australie
83%
Corée du Nord
83%
Égypte
83%
Japon
83%
Turquie
82%
Corée du Sud
79%
Nouvelle-Zélande
78%
Libye
76%
Mongolie
76%
Tunisie
76%
Chypre
75%
Arabie Saoudite
74%
Indonésie
74%
Vietnam
74%
Yémen
73%
Malaisie
72%
Cambodge
68%
Irak
65%
Oman
65%
Iran
63%
Koweït
63%
Syrie
63%
Émirats arabes unis
62%
Laos
62%
Arménie
61%
Israël
61%
Jordanie
61%
Qatar
61%
Afghanistan
58%
Azerbaïdjan
58%
Géorgie
58%
Turkménistan
55%
Liban
51%
Bahreïn
47%
Palestine
46%

Distribution des résultats

Percentile par nombre de réponses

% des personnes avec chaque résultat

Votre développement - résultats

Vous n’avez pas pris ce quiz